| 000 | 00671nas a2200205 4500 | ||
|---|---|---|---|
| 008 | s2008 le fre u | ||
| 040 | _aLB-BrCRDP | ||
| 082 | 1 |
_a070.4 _bLIA |
|
| 245 | 1 | 0 |
_aLiaisons No 49 _bRevue pédagogique et culturelle |
| 260 |
_aBeyrouth _bMinistère de l'éducation et de l'enseignement supérieur _cAvril 2008 |
||
| 300 |
_a40 p. _c29 cm |
||
| 500 | _aSommaire. | ||
| 650 | 4 | _aProjet d'établissement | |
| 650 | 4 | _aDidactique et formation | |
| 650 | 4 | _aEvaluation des compétences | |
| 650 | 4 | _aOrientation professionnelle | |
| 650 | 4 | _aStratégies d'enseignement | |
| 942 | _cCR | ||
| 999 |
_c3271 _d3271 |
||